Modelovanie procesu rekarbonizácie pomocou PVD v reaktore s fluidizovanou vrstvou bakalárska práca

Na minha lista:
Detalhes bibliográficos
Autor principal: Molovčák, Adrián
Formato: Livro
Idioma:eslovaco
Publicado em: Bratislava STU FCHPT 2019
Acesso em linha:View in OPAC
Tags: Adicionar Tag
Sem tags, seja o primeiro a adicionar uma tag!

MARC

LEADER 00000nam a2200000 a 4500
005 20260127134040.0
008 191003 2019 xo a 001 0 slo d
035 |a vtls011891157 
039 9 |y 201910031123  |z mschk03 
040 |a STUSCHK1  |b slo  |c STUSCHK1  |e AACR2 
100 1 |a Molovčák, Adrián 
245 1 |a Modelovanie procesu rekarbonizácie pomocou PVD v reaktore s fluidizovanou vrstvou  |b bakalárska práca  |c Adrián Molovčák 
260 |a Bratislava  |b STU FCHPT  |c 2019 
300 |a 68 s.  |b Obr., tab.  |c 25 cm 
500 |a Študijný program: biotechnológia a potravinárska technológia 
500 |a Študijný odbor: biotechnológie 
500 |a Školiace pracovisko: Oddelenie environmentálneho inžinierstva 
500 |a Evid. číslo: FCHPT-13567-81554 
910 |a SCHK95 
999 |c 2882  |d 2882